Foreign dollar bonds (Record no. 6936)

MARC details
000 -CABECERA
campo de control de longitud fija 00647nam a2200241 a 4500
001 - NÚMERO DE CONTROL
campo de control BRCA_7255
005 - FECHA Y HORA DE LA ÚLTIMA TRANSACCIÓN
campo de control 20190320205754.0
008 - DATOS DE LONGITUD FIJA--INFORMACIÓN GENERAL
campo de control de longitud fija 260112s1953----nyu#######---#000-0#eng-#
041 ## - CÓDIGO DE LENGUA
Código de lengua del texto/banda sonora o título independiente eng
044 ## - CÓDIGO DEL PAÍS DE LA ENTIDAD EDITORA/PRODUCTORA
Código MARC del país nyu
050 #4 - SIGNATURA TOPOGRÁFICA DE LA BIBLIOTECA DEL CONGRESO
Número de clasificación HG4507
Número de documento/Ítem .F64 1953
245 10 - MENCIÓN DE TÍTULO
Título Foreign dollar bonds
Resto del título 1953
Mención de responsabilidad, etc. White, Weld & Co.
250 ## - MENCIÓN DE EDICIÓN
Mención de edición 17
260 ## - PUBLICACIÓN, DISTRIBUCIÓN, ETC.
Lugar de publicación, distribución, etc. Nueva York
Nombre del editor, distribuidor, etc. White, Weld & Co.
Fecha de publicación, distribución, etc. 1953
300 ## - DESCRIPCIÓN FÍSICA
Extensión 113 p.
Dimensiones 28 cm.
500 ## - NOTA GENERAL
Nota general Ver también H104 (1937) y U19 (1957-1958)
500 ## - NOTA GENERAL
Nota general P16
650 14 - PUNTO DE ACCESO ADICIONAL DE MATERIA--TÉRMINO DE MATERIA
Término de materia o nombre geográfico como elemento de entrada Bonos financieros
Subdivisión geográfica Estados Unidos
9 (RLIN) 14797
650 14 - PUNTO DE ACCESO ADICIONAL DE MATERIA--TÉRMINO DE MATERIA
Término de materia o nombre geográfico como elemento de entrada Dólares
9 (RLIN) 14798
710 2# - PUNTO DE ACCESO ADICIONAL--NOMBRE DE ENTIDAD CORPORATIVA
Nombre de entidad corporativa o nombre de jurisdicción como elemento de entrada White, Weld & Co.
9 (RLIN) 17969
902 ## - CATALOGADOR
Iniciales GFM
942 ## - ELEMENTOS DE PUNTO DE ACCESO ADICIONAL (KOHA)
Fuente del sistema de clasificación o colocación Library of Congress Classification
Tipo de ítem Koha Libros
Holdings
Estado de retiro Estado de pérdida Estado dañado No para préstamo Localización permanente Ubicación/localización actual Fecha de adquisición Número de inventario Total de préstamos Signatura topográfica completa Código de barras Fecha visto por última vez Precio válido a partir de Tipo de ítem Koha
El ejemplar forma parte de la colección y puede ser consultado según las políticas vigentes.       Biblioteca del Museo Franz Mayer (Rogerio Casas-Alatriste) Biblioteca del Museo Franz Mayer (Rogerio Casas-Alatriste) 26/01/2012 P16   HG4507 .F64 1953 (P16) 7714 22/03/2019 22/03/2019 Libros